[Event "CZE/SVK-chT (Women)"]
[Site "Ruzomberok"]
[Date "2012.07.01"]
[Round "3.2"]
[White "Turkova, Karolina"]
[Black "Zakoucka, Adela"]
[Result "0-1"]
[WhiteElo "2023"]
[BlackElo "2015"]
[PlyCount "131"]
[EventDate "2012.06.30"]
[EventType "team-tourn"]
[EventRounds "9"]
[EventCountry "SVK"]
[SourceTitle "CBM 149 Extra"]
[Source "ChessBase"]
[SourceDate "2012.08.24"]
[SourceVersion "1"]
[SourceVersionDate "2012.08.24"]
[SourceQuality "1"]
[WhiteTeam "Liptov Chess School East (W)"]
[BlackTeam "Jicin (W)"]
[WhiteTeamCountry "SVK"]
[BlackTeamCountry "CZE"]

1. e4 c5 2. Nf3 Nc6 3. d4 cxd4 4. Nxd4 g6 5. Nc3 Bg7 6. Be3 Nf6 7. Bc4 0-0 8. Bb3 a5 9. 0-0 a4 10. Nxa4 Nxe4 11. f3 Nf6 12. Nb5 Ra6 13. Nac3 Na5 14. Qd2 b6 15. Rfd1 Bb7 16. Bf4 d6 17. Bh6 Qd7 18. Qg5 Nxb3 19. axb3 Rfa8 20. Rxa6 Rxa6 21. Bxg7 Kxg7 22. Rd4 Ra1+ 23. Kf2 Qe6 24. Qd2 Qe5 25. Rh4 Ba6 26. Ra4 Rxa4 27. bxa4 Qxh2 28. Qd4 Qe5 29. Qxb6 Qf4 30. Qd4 Qc1 31. b4 Qxc2+ 32. Kg3 Bb7 33. a5 e5 34. Qxd6 Nh5+ 35. Kh2 Bxf3 36. Qxe5+ Nf6 37. Qg3 Bb7 38. Nd6 Bc6 39. b5 Bxg2 40. Qxg2 Qxc3 41. Nf5+ Kf8 42. Qa8+ Ne8 43. Ng3 Qb2+ 44. Kh3 Qxb5 45. a6 Qd7+ 46. Kh2 Kg7 47. Qb7 Nc7 48. a7 Qd2+ 49. Kh3 Qh6+ 50. Kg2 Qd2+ 51. Kh3 Qd7+ 52. Kh2 Qd2+ 53. Kh3 Qc1 54. a8Q Nxa8 55. Qxa8 h5 56. Qd5 Qc3 57. Kh4 Qf6+ 58. Kh3 Qe6+ 59. Qxe6 fxe6 60. Ne4 Kh6 61. Kh4 e5 62. Ng5 Kg7 63. Ne4 Kf7 64. Kg5 Ke6 65. Kxg6 h4 66. Kh5 0-1

[Event "CZE/SVK-chT (Women)"]
[Site "Ruzomberok"]
[Date "2012.07.01"]
[Round "4.2"]
[White "Zakoucka, Adela"]
[Black "Koselova, Zuzana"]
[Result "1-0"]
[WhiteElo "2015"]
[BlackElo "1907"]
[PlyCount "141"]
[EventDate "2012.06.30"]
[EventType "team-tourn"]
[EventRounds "9"]
[EventCountry "SVK"]
[SourceTitle "CBM 149 Extra"]
[Source "ChessBase"]
[SourceDate "2012.08.24"]
[SourceVersion "1"]
[SourceVersionDate "2012.08.24"]
[SourceQuality "1"]
[WhiteTeam "Jicin (W)"]
[BlackTeam "Bardejov (W)"]
[WhiteTeamCountry "CZE"]
[BlackTeamCountry "CZE"]

1. e4 e5 2. Nf3 Nc6 3. Bb5 f5 4. d3 fxe4 5. dxe4 Nf6 6. 0-0 Bc5 7. Bc4 d6 8. Ng5 Rf8 9. Nc3 Ng4 10. Nh3 h6 11. Na4 Bb6 12. Nxb6 axb6 13. f3 Nf6 14. Nf2 Qe7 15. Be3 Be6 16. Bxe6 Qxe6 17. a4 Kf7 18. Nd3 Kg8 19. Qd2 Nd7 20. b3 Nc5 21. Nf2 Qg6 22. Nh1 Ne6 23. Ng3 Ncd4 24. Rab1 Rf7 25. c3 Nc6 26. Nf5 Ne7 27. Nxe7+ Rxe7 28. Qd5 Rb8 29. Ra1 Rd7 30. Qb5 Rf7 31. a5 bxa5 32. Rxa5 b6 33. Ra7 Rbf8 34. Kh1 Qh5 35. Qc4 Qg6 36. Rf2 Kh7 37. Rfa2 Rf6 38. Qb5 Qh5 39. Qe2 R8f7 40. Ra8 Rf8 41. R2a7 Rxa8 42. Rxa8 Rf8 43. Rxf8 Nxf8 44. Kg1 Ne6 45. Qd3 Qe8 46. Qd5 Qd7 47. Qc4 b5 48. Qb4 c5 49. Qa5 Qc6 50. Qa7 b4 51. Qf7 Qc8 52. cxb4 cxb4 53. g4 Nc5 54. Bxh6 Qg8 55. Qxg8+ Kxg8 56. Bd2 Nxb3 57. Bxb4 Nd4 58. Kf2 Nb5 59. h4 Kf7 60. Ke3 Ke6 61. f4 Nc7 62. f5+ Ke7 63. g5 Ne8 64. Ba5 Kd7 65. Kd3 Ke7 66. Kc4 Kf7 67. Kd5 g6 68. f6 Nxf6+ 69. gxf6 Kxf6 70. Kxd6 g5 71. Bd8+ 1-0